Celoživotné vzdelávanie - strategické dokumenty a programy

Prechod Európy k učiacej sa spoločnosti, ktorá zdôrazňuje celoživotné vzdelávanie ako jeden z princípov ekonomickej prosperity. Definícia celoživotného vzdelávania. Tri základné kategórie vzdelávacích aktivít. Základný materiál pre rozvoj celoživotného vzdelávania v európskom priestore - Memorandum...

ver descrição completa

Na minha lista:
Detalhes bibliográficos
Autor principal: Škvarčeková, Oľga
Formato: Capítulo de Livro
Idioma:eslovaco
Assuntos:
Tags: Adicionar Tag
Sem tags, seja o primeiro a adicionar uma tag!

MARC

LEADER 00000nla$a2200000$$$4500
001 0090346
005 20240502072017.2
041 0 |a slo 
044 |a SK 
245 1 0 |a Celoživotné vzdelávanie - strategické dokumenty a programy  |c Oľga Škvarčeková 
520 |a Prechod Európy k učiacej sa spoločnosti, ktorá zdôrazňuje celoživotné vzdelávanie ako jeden z princípov ekonomickej prosperity. Definícia celoživotného vzdelávania. Tri základné kategórie vzdelávacích aktivít. Základný materiál pre rozvoj celoživotného vzdelávania v európskom priestore - Memorandum o celoživotnom vzdelávaní. Správa o realizácii celoživotného vzdelávania v európskom priestore. Strategické dokumenty k celoživotnému vzdelávaniu v SR. Program celoživotného vzdelávania schválený rozhodnutím Európskeho parlamentu a Rady. Sektorové podprogramy: Comenius, Erasmus, Leonardo da Vinci a Grundtvig. 
610 2 0 |a vzdelávanie celoživotné 
610 2 0 |a kvalifikácia 
610 2 0 |a spoločnosť vedomostná 
610 2 0 |a ekonomika vedomostná 
610 2 0 |a trh práce 
610 2 0 |a konkurencieschopnosť 
610 2 0 |a Slovensko 
610 2 0 |a Európska únia 
100 1 |a Škvarčeková, Oľga